<?xml version="1.0" encoding="UTF-8"?>
<record
    xmlns:xsi="http://www.w3.org/2001/XMLSchema-instance"
    xsi:schemaLocation="http://www.loc.gov/MARC21/slim http://www.loc.gov/standards/marcxml/schema/MARC21slim.xsd"
    xmlns="http://www.loc.gov/MARC21/slim">

  <leader>01645nam a2200349 a 4500</leader>
  <controlfield tag="003">EG-GiCUC</controlfield>
  <controlfield tag="005">20250223025517.0</controlfield>
  <controlfield tag="008">090131s2008    ua dh  f m    000 0 eng d</controlfield>
  <datafield tag="040" ind1=" " ind2=" ">
    <subfield code="a">EG-GiCUC</subfield>
    <subfield code="b">eng</subfield>
    <subfield code="c">EG-GiCUC</subfield>
  </datafield>
  <datafield tag="041" ind1="0" ind2=" ">
    <subfield code="a">eng</subfield>
  </datafield>
  <datafield tag="049" ind1=" " ind2=" ">
    <subfield code="a">Deposite</subfield>
  </datafield>
  <datafield tag="097" ind1=" " ind2=" ">
    <subfield code="a">Ph.D</subfield>
  </datafield>
  <datafield tag="099" ind1=" " ind2=" ">
    <subfield code="a">Cai01.11.10.Ph.D.2008.Mo.S</subfield>
  </datafield>
  <datafield tag="100" ind1="0" ind2=" ">
    <subfield code="a">Mostafa Ibrahim Attia Abdellatif</subfield>
  </datafield>
  <datafield tag="245" ind1="1" ind2="0">
    <subfield code="a">Study of the effect of dinitrochlorobenzene DNCB on T helper 1 &amp; T helper 2 response in lepromatous leprosy / </subfield>
    <subfield code="c">Mostafa Ibrahim Attia Abdellatif ; Supervised Mohammad Ali Eldarouty , Salounaz Ali Marzouk , Laila Rashid</subfield>
  </datafield>
  <datafield tag="246" ind1="1" ind2="5">
    <subfield code="a">&#x62F;&#x631;&#x627;&#x633;&#x629; &#x62A;&#x623;&#x62B;&#x64A;&#x631; &#x627;&#x644;&#x62F;&#x627;&#x649; &#x646;&#x64A;&#x62A;&#x631;&#x648; &#x643;&#x644;&#x648;&#x631;&#x648; &#x628;&#x646;&#x632;&#x64A;&#x646; &#x639;&#x644;&#x649; &#x627;&#x644;&#x62E;&#x644;&#x627;&#x64A;&#x627; &#x627;&#x644;&#x644;&#x64A;&#x645;&#x641;&#x627;&#x648;&#x64A;&#x629; &#x62A;&#x649; &#x627;&#x644;&#x645;&#x633;&#x627;&#x639;&#x62F;&#x629; 1 &#x648;&#x627;&#x644;&#x645;&#x633;&#x627;&#x639;&#x62F;&#x629; 2 &#x641;&#x649; &#x645;&#x631;&#x636; &#x627;&#x644;&#x62C;&#x630;&#x627;&#x645; &#x627;&#x644;&#x62C;&#x630;&#x627;&#x645;&#x649;</subfield>
  </datafield>
  <datafield tag="260" ind1=" " ind2=" ">
    <subfield code="a">Cairo : </subfield>
    <subfield code="b">Mostafa Ibrahim Attia Abdellatif , </subfield>
    <subfield code="c">2008</subfield>
  </datafield>
  <datafield tag="300" ind1=" " ind2=" ">
    <subfield code="a">89 P. : </subfield>
    <subfield code="b">charts , facsimiles ; </subfield>
    <subfield code="c">25cm</subfield>
  </datafield>
  <datafield tag="502" ind1=" " ind2=" ">
    <subfield code="a">Thesis (Ph.D.) - Cairo University - Faculty of Medicine - Department of Dermatology and Venerology</subfield>
  </datafield>
  <datafield tag="520" ind1=" " ind2=" ">
    <subfield code="a">Leprosy is a chronic infectious disease caused by mycobacterium leprae it has long been recognized that leprosy clusters in families and it is often regarded as a genetic disease</subfield>
  </datafield>
  <datafield tag="530" ind1=" " ind2=" ">
    <subfield code="a">Issued also as CD</subfield>
  </datafield>
  <datafield tag="653" ind1=" " ind2="4">
    <subfield code="a"> Leprosy</subfield>
  </datafield>
  <datafield tag="653" ind1=" " ind2="4">
    <subfield code="a">Dinitrochlorobenzene</subfield>
  </datafield>
  <datafield tag="653" ind1=" " ind2="4">
    <subfield code="a">T helper cells</subfield>
  </datafield>
  <datafield tag="700" ind1="0" ind2=" ">
    <subfield code="a">Laila Rashid , </subfield>
    <subfield code="e">Supervisor</subfield>
  </datafield>
  <datafield tag="700" ind1="0" ind2=" ">
    <subfield code="a">Mohammad Ali Eldarouty , </subfield>
    <subfield code="e">Supervisor</subfield>
  </datafield>
  <datafield tag="700" ind1="0" ind2=" ">
    <subfield code="a">Salounaz Ali Marzouk , </subfield>
    <subfield code="e">Supervisor</subfield>
  </datafield>
  <datafield tag="856" ind1=" " ind2=" ">
    <subfield code="u">http://172.23.153.220/th.pdf</subfield>
  </datafield>
  <datafield tag="905" ind1=" " ind2=" ">
    <subfield code="a">Enas</subfield>
    <subfield code="e">Cataloger</subfield>
  </datafield>
  <datafield tag="905" ind1=" " ind2=" ">
    <subfield code="a">Mustafa</subfield>
    <subfield code="e">Revisor</subfield>
  </datafield>
  <datafield tag="942" ind1=" " ind2=" ">
    <subfield code="2">ddc</subfield>
    <subfield code="c">TH</subfield>
  </datafield>
  <datafield tag="999" ind1=" " ind2=" ">
    <subfield code="c">14555</subfield>
    <subfield code="d">14555</subfield>
  </datafield>
  <datafield tag="952" ind1=" " ind2=" ">
    <subfield code="2">ddc</subfield>
    <subfield code="7">0</subfield>
    <subfield code="a">CUCL</subfield>
    <subfield code="b">cl210</subfield>
    <subfield code="d">2024-02-11</subfield>
    <subfield code="o">Cai01.11.10.Ph.D.2008.Mo.S</subfield>
    <subfield code="p">01010110050556000</subfield>
    <subfield code="r">2023-09-22 00:00:00</subfield>
    <subfield code="y">TH</subfield>
  </datafield>
  <datafield tag="952" ind1=" " ind2=" ">
    <subfield code="2">ddc</subfield>
    <subfield code="7">0</subfield>
    <subfield code="a">CUCL</subfield>
    <subfield code="b">cl2u8</subfield>
    <subfield code="d">2024-02-11</subfield>
    <subfield code="o">Cai01.11.10.Ph.D.2008.Mo.S</subfield>
    <subfield code="p">01020110050556000</subfield>
    <subfield code="r">2023-09-22 00:00:00</subfield>
    <subfield code="t">50556.CD</subfield>
    <subfield code="y">CD</subfield>
  </datafield>
</record>
